| 000 | 00540nam a2200217Ia 4500 | ||
|---|---|---|---|
| 008 | 170918s9999 xx 000 0 und d | ||
| 020 | _a9780531281611 | ||
| 050 | _bD631 2013 | ||
| 100 | _aDoak, Robin S. | ||
| 245 | _aNational intelligence : | ||
| 245 | _bbring history to life / | ||
| 245 | _cRobin S. Doak. | ||
| 260 | _aNew York : | ||
| 260 | _bChildren's Press, | ||
| 260 | _c2013 | ||
| 300 | _a64 pages : | ||
| 300 | _bcolored illustration ; | ||
| 300 | _c23cm. | ||
| 440 | _aCornerstones of freedom. | ||
| 500 | _a1040 | ||
| 999 |
_c341980 _d341980 |
||